000 00463pab a2200157 454500
008 180718b1998 xxu||||| |||| 00| 0 eng d
100 _aLe Duc, Jean-Marc
245 _aThe American industrial revival as demonstrated by Michigan: lessons in management and change
260 _c1998
300 _ap.5-33
362 _aJan-Jun
650 _aIndustrialization - United States
650 _aIndustrialization
773 _aManagement and Change
909 _a37991
999 _c37991
_d37991